000 00334 a2200157 4500
001 59015
020 _a8516023168
040 _cAnchieta - Pituba
100 _aCarrasco, Walcyr
240 1 0 _aO anjo linguarudo
_lpor
245 1 0 _aO anjo linguarudo
300 _a63
362 0 _a1999
650 4 _aLiteratura juvenil
942 _cBK
999 _c59015
_d59015